Seventeen members by picture - Statistics

General Stats
  • This quiz has been taken 307 times
  • The average score is 12 of 13
Answer Stats
Picture Answer % Correct
Dk/Dokyeom
98%
Hoshi
98%
Vernon
98%
Joshua
97%
Mingyu
97%
Scoups
97%
The8/Minghao
97%
Woozi
97%
Dino
96%
Jun
96%
Wonwoo
95%
Seungkwan
93%
Jeonghan
92%
No matching quizzes found
Score Distribution
Percent of People with Each Score
Percentile by Number Answered
Your Score History
You have not taken this quiz